000 00291nam a22001337a 4500
008 170601b xxu||||| |||| 00| 0 eng d
020 _a0275942929
041 _aeng
080 _a94(100)
100 _a17
101 _aSHH
245 _aIRAN AFTER KHOMEINI
_cHUNTER,SH.T
942 _2udc
_cBK
999 _c15247
_d15247